Подробности
| 000 -МАРКЕР |
| контрольное поле |
02093nam0a22003371 4500 |
| 001 - ИДЕНТИФИКАТОР ЗАПИСИ |
| контрольное поле |
rc\4521396 |
| 005 - ИДЕНТИФИКАТОР ВЕРСИИ |
| контрольное поле |
20250612105746.0 |
| 021 ## - НОМЕР ГОСУДАРСТВЕННОЙ РЕГИСТРАЦИИ |
| Код страны |
Российская Федерация |
| Номер |
[63-60455] |
| 035 ## - ДРУГИЕ СИСТЕМНЫЕ НОМЕРА |
| Идентификатор записи |
(NLR Aleph) 008625444 |
| 100 ## - ДАННЫЕ ОБЩЕЙ ОБРАБОТКИ |
| Данные общей обработки |
20130416d1963 |||y0rusy50 ca |
| 101 0# - ЯЗЫК РЕСУРСА |
| Язык текста, звукозаписи и т.д. |
русский |
| 102 ## - СТРАНА ПУБЛИКАЦИИ ИЛИ ПРОИЗВОДСТВА |
| Страна публикации |
Российская Федерация |
| 105 ## - ПОЛЕ КОДИРОВАННЫХ ДАННЫХ: ТЕКСТОВЫЕ МАТЕРИАЛЫ, МОНОГРАФИЧЕСКИЕ |
| Кодированные данные о монографическом текстовом документе |
c z ||||| |
| 200 1# - ЗАГЛАВИЕ И СВЕДЕНИЯ ОБ ОТВЕТСТВЕННОСТИ |
| Основное заглавие |
А.Ф. Миддендорф. (1815-1894) |
| -- |
Э.А. Миддендорф. (1851-1916) |
| Первые сведения об ответственности |
О-во естествоиспытателей при Акад. наук Эст. ССР |
| 210 ## - ПУБЛИКАЦИЯ, РАСПРОСТРАНЕНИЕ И ДР. |
| Место издания, распространения и т.д. |
Тарту |
| Имя издателя, распространителя и т. д. |
Б. и. |
| Дата издания, распространения и т.д. |
1963 |
| 215 ## - ФИЗИЧЕСКАЯ ХАРАКТЕРИСТИКА |
| Специфическое обозначение материала и объем |
22 с. |
| Другие сведения о физической характеристике |
портр. |
| Размеры |
19 |
| 327 1# - ПРИМЕЧАНИЯ О СОДЕРЖАНИИ |
| Текст примечания |
Содерж.: Жизнь и деятельность А.Ф. Миддендорфа / К. Кирт. Э. Миддендорф как естествоиспытатель / Э. Кумари |
| 464 #0 - АНАЛИТИЧЕСКИЙ УРОВЕНЬ |
| Встроенное поле |
2001#$aЖизнь и деятельность А.Ф. Миддендорфа |
| -- |
700#1$aКирт$bК.$gКальола |
| -- |
702#1$aМиддендорф$bА.Ф.$f1815-1894$3RU\NLR\AUTH\770175951$gАлександр Федорович$4570 |
| Заглавие |
Жизнь и деятельность А.Ф. Миддендорфа |
| Автор |
Кирт, Кальола |
| 464 #0 - АНАЛИТИЧЕСКИЙ УРОВЕНЬ |
| Встроенное поле |
2001#$aЭ. Миддендорф как естествоиспытатель |
| -- |
700#1$aКумари$bЭ.В.$gЭрик Вольдемарович |
| -- |
702#1$aМиддендорф$bЭ.А.$f1851-1916$gЭрнст Александрович$4570 |
| Заглавие |
Э. Миддендорф как естествоиспытатель |
| Автор |
Кумари, Эрик Вольдемарович |
| 606 ## - НАИМЕНОВАНИЕ ТЕМЫ КАК ПРЕДМЕТ |
| Наименование темы |
Естествознание в России |
| Тематический подзаголовок |
История |
| Код системы |
psbo |
| 700 #1 - ИМЯ ЛИЦА - ПЕРВИЧНАЯ ОТВЕТСТВЕННОСТЬ |
| Начальный элемент ввода |
Кирт |
| Часть имени, кроме начального элемента ввода |
К. |
| Расширение инициалов личного имени |
Кальола |
| 701 #1 - ИМЯ ЛИЦА - АЛЬТЕРНАТИВНАЯ ОТВЕТСТВЕННОСТЬ |
| Начальный элемент ввода |
Кумари |
| Часть имени, кроме начального элемента ввода |
Э.В. |
| Расширение инициалов личного имени |
Эрик Вольдемарович |
| 702 #1 - ИМЯ ЛИЦА - ВТОРИЧНАЯ ОТВЕТСТВЕННОСТЬ |
| Код отношения |
Прочие |
| Графика поля |
Кириллица |
| Материалы, к которым относится поле |
rus |
| Начальный элемент ввода |
Миддендорф |
| Часть имени, кроме начального элемента ввода |
А.Ф. |
| Даты |
1815-1894 |
| Расширение инициалов личного имени |
Александр Федорович |
| Системный номер авторитетной/нормативной записи |
175900 |
| Идентификатор авторитетной/нормативной записи |
RU\NLR\AUTH\770175951 |
| 702 #1 - ИМЯ ЛИЦА - ВТОРИЧНАЯ ОТВЕТСТВЕННОСТЬ |
| Начальный элемент ввода |
Миддендорф |
| Часть имени, кроме начального элемента ввода |
Э.А. |
| Даты |
1851-1916 |
| Расширение инициалов личного имени |
Эрнст Александрович |
| Код отношения |
Прочие |
| 801 #0 - ИСТОЧНИК ЗАПИСИ |
| Страна |
Российская Федерация |
| Организация |
NLR |
| Правила каталогизации |
psbo |
| 801 #1 - ИСТОЧНИК ЗАПИСИ |
| Страна |
Российская Федерация |
| Организация |
ELAR |
| Источник данных |
rusmarc |
| 852 ## - МЕСТОНАХОЖДЕНИЕ И ШИФР ХРАНЕНИЯ |
| Идентификатор организации |
NLR |
| Шифр хранения (Call Number) |
63-4/13588 |
| 942 ## - ДОПОЛНИТЕЛЬНЫЕ ЭЛЕМЕНТЫ ЗАПИСИ (АБИС) |
| Тип экземпляра АБИС |
Книга |
| 980 ## - КОЛЛЕКЦИЯ |
| Название коллекции |
Национальная библиография |